000 01092nab a22002537a 4500
999 _c6522
_d6522
003 OSt
005 20260219121932.0
008 190429b xxu||||| |||| 00| 0 spa d
040 _cPJ
100 _97125
_aCaffaro, Fabián M.
245 1 3 _aLa perspectiva de género en los delitos derivados de las relaciones de familia /
_cFabián M. Caffaro y Joaquín J. Crotto
260 _cCiudad Autónoma de Buenos Aires :
_aThomson Reuters La Ley,
_b2024.
300 _ap. 25-31
500 _aCita: TR LALEY AR/DOC/1703/2024
505 _aSumario: I. El caso.— II. El análisis que proponemos.— III. A modo de reflexión.
505 _tSi te interesa el texto completo, solicitalo a koha@justierradelfuego.gov.ar
650 0 _9343
_aDERECHO PENAL
650 0 _94044
_aPERSPECTIVA DE GÉNERO
650 0 _9470
_aRELACIONES DE FAMILIA
650 0 _93136
_aDELITOS
700 _97126
_aCrotto, Joaquín J.
773 0 _02658
_93164
_tRevista de derecho penal y criminología. Nº 8 - Agosto 2024
_dCiudad Autónoma de Buenos Aires : Thomson Reuters La Ley, 2017-
_x00347914
942 _2udc
_cANA